000 00796cam a2200217 4500
001 J122991
008 #DATE n2003 000 0 eng u
035 _a(Sirsi) u122991
041 _aeng
050 _a692.2
_c18
110 _aRoyal Institution of Chartered Surveyors
_94900
245 _aParty walls
_bwhat every homeowner should know about party walls
260 _aLondon
_bRICS
_c2003
520 _aThese pages on the RICS website, aimed at the general public, discuss building work affecting party walls and the relevant legislation .
650 _aPARTY WALL ETC ACT 1996
650 _aPARTY WALL SURVEYORS
650 _aParty walls
_96258
690 _aBoundary disputes
_96221
856 _uhttps://www.rics.org/partywalls
_zView the guidance on the RICS website.
942 _n0
999 _c102973
_d102973